Detalles MARC
| 000 -LIDER |
| fixed length control field |
00994nam a2200301 a 4500 |
| 001 - NÚMERO DE CONTROL |
| Identificador de número de control |
0044283 |
| 003 - IDENTIFICACDOR DE NÚMERO DE CONTROL |
| control field |
DO-SdBNP |
| 005 - DATE AND TIME OF LATEST TRANSACTION |
| control field |
20180326140835.0 |
| 007 - CAMPOS FIJOS DE DESCRIPCIÓN FÍSICA |
| fixed length control field |
0044283 |
| 008 - ELEMENTOS DE LONGITUD FIJA |
| fixed length control field |
140612s 2013 dr a 000 0 spa d |
| 020 ## - ISBN |
| International Standard Book Number |
9789945172133 |
| 040 ## - FUENTE DE CATALOGACIÓN |
| Agencia que crea de manera original el registro |
BPMSU |
| Idioma de catalogación |
spa |
| Agencia que realiza la transcripción |
BPMSU |
| 082 ## - NÚMERO DE CLASIFICACIÓN DECIMAL DE DEWEY |
| Classification number |
RD863.5 |
| Item number |
P426d |
| 100 1# - ASIENTO PRINCIPAL -- NOMBRE PERSONAL |
| Nombre personal |
Peralta Romero, Rafael |
| 245 10 - MENCIÓN DE TITULO |
| Título |
De cómo Uto Pía encontró a Tarzan / |
| Mención de responsabilidad |
Rafael Peralta Romero ; ilustraciones Monserrat Ubach Figueras. |
| 260 ## - PUBLICACIÓN, DISTRIBUCIÓN, ETC. (PIE DE IMPRENTA) |
| Lugar de publicación, distribución, etc |
Santo Domingo : |
| Nombre del editor, distribuidor, etc. |
SM, |
| Fecha de publicación, distribución, etc |
2013. |
| 300 ## - DESCRIPCIÓN FÍSICA |
| Extensión |
102 p. : |
| Otros detalles físicos |
il. ; |
| Dimensiones |
19 cm. |
| 490 1# - MENCIÓN DE SERIES |
| Mención de serie |
El barco de vapor |
| Volume/sequential designation |
7 |
| 500 ## - NOTA GENERAL |
| Nota general |
Incluye datos biográficos del autor en la contracubierta |
| 586 ## - AWARDS NOTE |
| Awards note |
El barco de Vapor, 2009 |
| 650 ## - ENCABEZAMIENTO DE MATERIA--TEMÁTICO |
| Término temático o nombre geográfico como elemento de entrada |
CUENTOS INFANTILES DOMINICANO |
| 651 ## - ENCABEZAMIENTO DE MATERIA--NOMBRE GEOGRÁFICO |
| Nombre geográfico |
LITERATURA INFANTIL DOMINICANA |
| 700 ## - ASIENTO SECUNDARIO -- NOMBRE PERSONAL |
| Término de relación |
Ubach Figueras, Montserrat, |
| Mención de responsabilidad |
il. |
| 830 #0 - ASIENTO SECUNDARIO DE SERIE--TÍTULO UNIFORME |
| Título uniforme |
El barco de vapor |
| Volume number/sequential designation |
7 |
| 942 ## - ADDED ENTRY ELEMENTS (KOHA) |
| Source of classification or shelving scheme |
Dewey Decimal Classification |
| Koha item type |
Libros |
| 945 ## - INFORMACIÓN DE PROCESAMIENTO LOCAL |
| Información de procesamiento local |
Remanejado para la BNPHU / 2018 VM |
| 956 ## - LOCAL ELECTRONIC LOCATION AND ACCESS (OCLC) |
| Nombre de host |
VMATEO |
| Número de acceso |
10 |
| Información de compresión |
20161110 |
| Inicio de sesión |
BPMSU |
| Procesador de solicitud |
0069 |